000 00654cam a22002052 4500
001 0000013618
005 20151217155857.0
008 091005s xx 000 0 eng d
020 _cKES
040 _aKABU
_cKABU
110 2 _aKenya.
_bMinistry of Planning and National Development.
_@0000150053
245 1 0 _aKenya vision 2030 /
_cMinistry of Planning and National Development.
260 _aNairobi :
_bM. P N. D.,
_c2007.
300 _a20 p.
500 _aSummary of full text.
650 0 _aKenya
_xEconomic conditions.
_@0000159385
852 1 _9p100 KES
908 _a091005
950 _@1
999 _c13638
_d13638